[Event "69th RUS-ch Women Higher League 2019"]
[Site "Yaroslavl"]
[Date "2019.07.04"]
[Round "7.19"]
[White "Ovod, Evgenija"]
[Black "Mokshanova, Elizaveta"]
[Result "1-0"]
[WhiteElo "2361"]
[BlackElo "2020"]
[Annotator "NA"]
[PlyCount "101"]
[EventDate "2019.06.27"]
[EventType "swiss"]
[EventCountry "RUS"]
[SourceTitle "playchess.com"]
[Source "ChessBase"]
[SourceQuality "1"]
[TimeControl "40/5400+30:1800+30"]

1. e4 {[%emt 0:00:00]} c5 {[%emt 0:00:00]} 2. Nf3 {[%emt 0:00:00]} e6 {[%emt 0:00:00]} 3. d4 {[%emt 0:00:00]} cxd4 {[%emt 0:00:00]} 4. Nxd4 {[%emt 0:00:00]} Nc6 {[%emt 0:00:00]} 5. Nb5 {[%emt 0:00:00]} d6 {[%emt 0:01:14]} 6. c4 {[%emt 0:00:02]} Nf6 {[%emt 0:02:58]} 7. N1c3 {[%emt 0:00:06]} a6 {[%emt 0:03:07]} 8. Na3 {[%emt 0:00:07]} Be7 {[%emt 0:02:55]} 9. Be2 {[%emt 0:00:08]} O-O {[%emt 0:00:07]} 10. O-O {[%emt 0:00:03]} b6 {[%emt 0:02:10]} 11. Be3 {[%emt 0:00:07]} Bb7 {[%emt 0:01:02]} 12. Qb3 {[%emt 0:00:06]} Nd7 {[%emt 0:00:32]} 13. Rfd1 {[%emt 0:00:07]} Rb8 {[%emt 0:05:21]} 14. f4 {[%emt 0:25:18]} Qc7 {[%emt 0:08:31]} 15. Rac1 {[%emt 0:08:54]} Nc5 {[%emt 0:00:55]} 16. Qc2 {[%emt 0:00:05]} Bf6 {[%emt 0:08:03]} 17. Nab1 {[%emt 0:01:46]} Nb4 {[%emt 0:36:21]} 18. Qd2 {[%emt 0:00:08]} Rfd8 {[%emt 0:01:13]} 19. Qe1 {[%emt 0:04:48]} a5 {[%emt 0:02:53]} 20. a3 {[%emt 0:16:16]} Nc6 {[%emt 0:00:35]} 21. Bf3 {[%emt 0:04:29]} Nb3 {[%emt 0:00:46]} 22. Nb5 {[%emt 0:00:28]} Qe7 {[%emt 0:00:28]} 23. Rc2 {[%emt 0:01:09]} Ba8 {[%emt 0:00:59]} 24. Qf2 {[%emt 0:07:00]} Nc5 {[%emt 0:03:52]} 25. Rcd2 {[%emt 0:00:12]} e5 {[%emt 0:04:05]} 26. N1c3 {[%emt 0:10:46]} Nd4 {[%emt 0:01:15]} 27. Bxd4 {[%emt 0:13:37]} exd4 {[%emt 0:00:07]} 28. Nd5 {[%emt 0:00:03]} Bxd5 {[%emt 0:00:27]} 29. exd5 {[%emt 0:00:03]} d3 {[%emt 0:03:04]} 30. Re1 {[%emt 0:01:51]} Qd7 {[%emt 0:00:15]} 31. b4 {[%emt 0:01:15]} axb4 {[%emt 0:00:13]} 32. axb4 {[%emt 0:00:03]} Na6 {[%emt 0:01:47]} 33. Rxd3 {[%emt 0:02:47]} Nxb4 {[%emt 0:00:15]} 34. Ra3 {[%emt 0:00:11]} Qc8 {[%emt 0:04:04]} 35. Qe2 {[%emt 0:00:21]} g6 {[%emt 0:02:11]} 36. g3 {[%emt 0:02:14]} Qc5+ {[%emt 0:00:52]} 37. Kg2 {[%emt 0:00:04]} Ra8 {[%emt 0:02:44]} 38. Rxa8 {[%emt 0:01:53]} Rxa8 {[%emt 0:00:03]} 39. Kh3 {[%emt 0:00:10]} Kg7 {[%emt 0:00:30]} 40. Rd1 {[%emt 0:00:00]} h5 {[%emt 0:00:00]} 41. Rd2 {[%emt 0:03:34]} Kf8 {[%emt 0:18:52]} 42. Qe1 {[%emt 0:02:18]} Ra1 {[%emt 0:04:29]} 43. Qe4 {[%emt 0:07:59]} Ra8 {[%emt 0:06:50]} 44. Re2 {[%emt 0:00:37]} Na2 {[%emt 0:04:58]} 45. f5 {[%emt 0:04:55]} Kg7 {[%emt 0:00:41]} 46. fxg6 {[%emt 0:00:06]} fxg6 {[%emt 0:00:03]} 47. Qe6 {[%emt 0:00:17]} Rd8 {[%emt 0:01:10]} 48. Rxa2 {[%emt 0:00:10]} Qxc4 {[%emt 0:00:18]} 49. Ra7+ {[%emt 0:02:47]} Kh6 {[%emt 0:00:16]} 50. Qxf6 {[%emt 0:00:40]} Qf1+ {[%emt 0:00:34]} 51. Kh4 {[%emt 0:00:04]} 1-0

[Event "69th RUS-ch Women Higher League 2019"]
[Site "Yaroslavl"]
[Date "2019.07.04"]
[Round "7.20"]
[White "Matveeva, Olga"]
[Black "Afonasieva, Anna"]
[Result "1/2-1/2"]
[WhiteElo "2189"]
[BlackElo "2303"]
[Annotator "NA"]
[PlyCount "106"]
[EventDate "2019.06.27"]
[EventType "swiss"]
[EventCountry "RUS"]
[SourceTitle "playchess.com"]
[Source "ChessBase"]
[SourceQuality "1"]
[TimeControl "40/5400+30:1800+30"]

1. c4 {[%emt 0:00:00]} Nf6 {[%emt 0:00:00]} 2. Nc3 {[%emt 0:00:00]} d5 {[%emt 0:00:00]} 3. cxd5 {[%emt 0:01:25]} Nxd5 {[%emt 0:00:00]} 4. g3 {[%emt 0:01:03]} g6 {[%emt 0:01:17]} 5. Bg2 {[%emt 0:00:34]} Nb6 {[%emt 0:00:46]} 6. Nf3 {[%emt 0:01:24]} Bg7 {[%emt 0:00:30]} 7. O-O {[%emt 0:00:39]} c5 {[%emt 0:00:35]} 8. d3 {[%emt 0:01:35]} O-O {[%emt 0:01:20]} 9. Be3 {[%emt 0:04:25]} Na6 {[%emt 0:04:36]} 10. Nd2 {[%emt 0:03:09]} Rb8 {[%emt 0:04:03]} 11. a4 {[%emt 0:11:00]} e6 {[%emt 0:07:35]} 12. Qb3 {[%emt 0:05:25]} e5 {[%emt 0:04:02]} 13. a5 {[%emt 0:02:40]} Be6 {[%emt 0:00:59]} 14. Qa3 {[%emt 0:02:44]} Nd7 {[%emt 0:01:20]} 15. Nde4 {[%emt 0:02:20]} Qe7 {[%emt 0:06:38]} 16. Rfc1 {[%emt 0:04:21]} f5 {[%emt 0:08:08]} 17. Ng5 {[%emt 0:03:48]} Kh8 {[%emt 0:00:39]} 18. Nxe6 {[%emt 0:02:37]} Qxe6 {[%emt 0:00:06]} 19. Nb5 {[%emt 0:06:26]} f4 {[%emt 0:05:43]} 20. Bd2 {[%emt 0:01:55]} Nf6 {[%emt 0:06:07]} 21. Nc3 {[%emt 0:07:55]} Qf5 {[%emt 0:07:40]} 22. Ne4 {[%emt 0:03:32]} fxg3 {[%emt 0:10:37]} 23. Nxg3 {[%emt 0:00:09]} Qe6 {[%emt 0:01:00]} 24. Qa2 {[%emt 0:01:29]} Qd6 {[%emt 0:02:36]} 25. Qc4 {[%emt 0:07:02]} Qd7 {[%emt 0:07:23]} 26. Bc3 {[%emt 0:02:38]} Ng4 {[%emt 0:03:13]} 27. Rf1 {[%emt 0:01:55]} Rf4 {[%emt 0:04:08]} 28. Qd5 {[%emt 0:01:59]} Qe7 {[%emt 0:01:26]} 29. h3 {[%emt 0:02:31]} Nc7 {[%emt 0:01:16]} 30. Qb3 {[%emt 0:00:54]} Nf6 {[%emt 0:01:56]} 31. Bd2 {[%emt 0:04:17]} Rh4 {[%emt 0:00:27]} 32. Ra4 {[%emt 0:02:26]} Rxa4 {[%emt 0:02:21]} 33. Qxa4 {[%emt 0:00:03]} b5 {[%emt 0:00:19]} 34. axb6 {[%emt 0:01:23]} axb6 {[%emt 0:00:04]} 35. Qa7 {[%emt 0:01:07]} Qd8 {[%emt 0:00:24]} 36. Bg5 {[%emt 0:02:09]} Nb5 {[%emt 0:02:20]} 37. Qf7 {[%emt 0:01:01]} Nd6 {[%emt 0:01:13]} 38. Qe6 {[%emt 0:01:24]} Qf8 {[%emt 0:01:46]} 39. Ra1 {[%emt 0:01:54]} c4 {[%emt 0:03:41]} 40. h4 {[%emt 0:00:00]} Re8 {[%emt 0:00:00]} 41. Qh3 {[%emt 0:05:31]} cxd3 {[%emt 0:04:51]} 42. exd3 {[%emt 0:00:40]} e4 {[%emt 0:01:35]} 43. dxe4 {[%emt 0:11:33]} Nfxe4 {[%emt 0:00:50]} 44. Nxe4 {[%emt 0:00:46]} Nxe4 {[%emt 0:00:05]} 45. Be3 {[%emt 0:00:22]} Qf5 {[%emt 0:13:15]} 46. Qxf5 {[%emt 0:06:55]} gxf5 {[%emt 0:00:04]} 47. Bxe4 {[%emt 0:01:29]} fxe4 {[%emt 0:00:07]} 48. Bxb6 {[%emt 0:00:14]} Bxb2 {[%emt 0:00:16]} 49. Ra7 {[%emt 0:01:33]} Bf6 {[%emt 0:01:50]} 50. h5 {[%emt 0:02:44]} Kg8 {[%emt 0:01:34]} 51. Kg2 {[%emt 0:01:35]} Re5 {[%emt 0:01:36]} 52. Ra5 {[%emt 0:01:23]} Re6 {[%emt 0:04:52]} 53. Be3 {[%emt 0:00:34]} Re5 {[%emt 0:03:11]} 1/2-1/2

[Event "69th RUS-ch Women Higher League 2019"]
[Site "Yaroslavl"]
[Date "2019.07.04"]
[Round "7.21"]
[White "Markelova, Lubov"]
[Black "Schepetkova, Margarita"]
[Result "1-0"]
[WhiteElo "2186"]
[BlackElo "2241"]
[Annotator "NA"]
[PlyCount "99"]
[EventDate "2019.06.27"]
[EventType "swiss"]
[EventCountry "RUS"]
[SourceTitle "playchess.com"]
[Source "ChessBase"]
[SourceQuality "1"]
[TimeControl "40/5400+30:1800+30"]

1. Nf3 {[%emt 0:00:00]} d5 {[%emt 0:00:00]} 2. d4 {[%emt 0:00:00]} Nf6 {[%emt 0:00:00]} 3. c4 {[%emt 0:00:00]} c6 {[%emt 0:00:00]} 4. e3 {[%emt 0:00:00]} Bg4 {[%emt 0:00:00]} 5. h3 {[%emt 0:00:00]} Bh5 {[%emt 0:00:00]} 6. g4 {[%emt 0:00:10]} Bg6 {[%emt 0:00:06]} 7. Ne5 {[%emt 0:00:12]} e6 {[%emt 0:00:45]} 8. Nxg6 {[%emt 0:00:10]} hxg6 {[%emt 0:00:05]} 9. Bg2 {[%emt 0:00:21]} Nbd7 {[%emt 0:00:40]} 10. Qd3 {[%emt 0:00:16]} Bb4+ {[%emt 0:05:42]} 11. Nd2 {[%emt 0:00:26]} Qa5 {[%emt 0:03:16]} 12. a3 {[%emt 0:08:02]} Qa6 {[%emt 0:02:36]} 13. b3 {[%emt 0:11:47]} Nb6 {[%emt 0:06:41]} 14. axb4 {[%emt 0:05:21]} Qxa1 {[%emt 0:00:30]} 15. O-O {[%emt 0:00:28]} a5 {[%emt 0:06:34]} 16. c5 {[%emt 0:14:40]} Nbd7 {[%emt 0:01:12]} 17. b5 {[%emt 0:00:10]} a4 {[%emt 0:08:27]} 18. b4 {[%emt 0:00:49]} a3 {[%emt 0:01:32]} 19. Qc2 {[%emt 0:03:06]} a2 {[%emt 0:00:24]} 20. bxc6 {[%emt 0:07:34]} bxc6 {[%emt 0:02:07]} 21. Bb2 {[%emt 0:05:28]} Qxf1+ {[%emt 0:00:07]} 22. Bxf1 {[%emt 0:00:10]} a1=Q {[%emt 0:00:16]} 23. Bxa1 {[%emt 0:00:13]} Rxa1 {[%emt 0:00:05]} 24. g5 {[%emt 0:05:44]} Nh7 {[%emt 0:04:01]} 25. f4 {[%emt 0:11:53]} O-O {[%emt 0:00:41]} 26. Nb3 {[%emt 0:01:57]} Ra7 {[%emt 0:03:37]} 27. Na5 {[%emt 0:00:49]} Nb8 {[%emt 0:01:08]} 28. Bd3 {[%emt 0:01:14]} Rc8 {[%emt 0:02:08]} 29. Qe2 {[%emt 0:02:00]} Nf8 {[%emt 0:00:09]} 30. h4 {[%emt 0:00:42]} Re7 {[%emt 0:03:08]} 31. Bc2 {[%emt 0:02:15]} Rcc7 {[%emt 0:02:09]} 32. Ba4 {[%emt 0:00:38]} f6 {[%emt 0:01:53]} 33. Qa2 {[%emt 0:05:23]} Kh7 {[%emt 0:02:04]} 34. gxf6 {[%emt 0:03:46]} gxf6 {[%emt 0:00:05]} 35. Nxc6 {[%emt 0:00:21]} Nxc6 {[%emt 0:00:29]} 36. Bxc6 {[%emt 0:00:04]} Rxc6 {[%emt 0:01:30]} 37. Qa8 {[%emt 0:00:24]} Rcc7 {[%emt 0:00:43]} 38. Qxf8 {[%emt 0:00:19]} Ra7 {[%emt 0:00:10]} 39. Kf2 {[%emt 0:07:20]} Rf7 {[%emt 0:07:04]} 40. Qd6 {[%emt 0:00:00]} Ra2+ {[%emt 0:00:00]} 41. Kf3 {[%emt 0:02:51]} Rfa7 {[%emt 0:03:06]} 42. Qxe6 {[%emt 0:02:00]} f5 {[%emt 0:01:29]} 43. h5 {[%emt 0:04:25]} gxh5 {[%emt 0:00:04]} 44. Qxf5+ {[%emt 0:00:12]} Kh8 {[%emt 0:00:08]} 45. Qxh5+ {[%emt 0:00:30]} Kg7 {[%emt 0:00:35]} 46. Qxd5 {[%emt 0:00:19]} Rh2 {[%emt 0:00:08]} 47. Qe5+ {[%emt 0:00:36]} Kh7 {[%emt 0:00:13]} 48. c6 {[%emt 0:00:51]} Rh3+ {[%emt 0:00:29]} 49. Ke4 {[%emt 0:00:13]} Rh6 {[%emt 0:00:11]} 50. c7 {[%emt 0:00:35]} 1-0

[Event "69th RUS-ch Women Higher League 2019"]
[Site "Yaroslavl"]
[Date "2019.07.04"]
[Round "7.22"]
[White "Faizutdinova, Diana"]
[Black "Utiatskaja, Irina"]
[Result "0-1"]
[WhiteElo "2061"]
[BlackElo "2192"]
[Annotator "NA"]
[PlyCount "90"]
[EventDate "2019.06.27"]
[EventType "swiss"]
[EventCountry "RUS"]
[SourceTitle "playchess.com"]
[Source "ChessBase"]
[SourceQuality "1"]
[TimeControl "40/5400+30:1800+30"]

1. c4 {[%emt 0:00:00]} g6 {[%emt 0:03:27]} 2. Nc3 {[%emt 0:00:00]} Bg7 {[%emt 0:00:11]} 3. g3 {[%emt 0:00:00]} Nf6 {[%emt 0:00:46]} 4. Bg2 {[%emt 0:00:00]} O-O {[%emt 0:00:11]} 5. e3 {[%emt 0:00:22]} e5 {[%emt 0:03:00]} 6. Nge2 {[%emt 0:00:05]} d6 {[%emt 0:01:33]} 7. d3 {[%emt 0:03:37]} Nc6 {[%emt 0:03:39]} 8. O-O {[%emt 0:00:41]} Re8 {[%emt 0:07:42]} 9. h3 {[%emt 0:05:03]} Be6 {[%emt 0:04:39]} 10. Nd5 {[%emt 0:02:36]} Qd7 {[%emt 0:00:44]} 11. Kh2 {[%emt 0:00:27]} Rad8 {[%emt 0:01:46]} 12. Qa4 {[%emt 0:10:05]} a6 {[%emt 0:07:26]} 13. Bd2 {[%emt 0:07:36]} Qc8 {[%emt 0:05:17]} 14. Bc3 {[%emt 0:06:36]} Ne7 {[%emt 0:02:46]} 15. e4 {[%emt 0:07:27]} Nexd5 {[%emt 0:07:37]} 16. cxd5 {[%emt 0:00:24]} Bd7 {[%emt 0:00:04]} 17. Qb3 {[%emt 0:04:46]} Qb8 {[%emt 0:01:58]} 18. Rac1 {[%emt 0:14:08]} c6 {[%emt 0:01:40]} 19. Ba5 {[%emt 0:00:39]} Rc8 {[%emt 0:00:03]} 20. Nc3 {[%emt 0:01:14]} cxd5 {[%emt 0:00:45]} 21. exd5 {[%emt 0:01:09]} Bh6 {[%emt 0:08:45]} 22. Rc2 {[%emt 0:03:12]} b5 {[%emt 0:03:04]} 23. Ne4 {[%emt 0:06:20]} Nxe4 {[%emt 0:00:32]} 24. dxe4 {[%emt 0:00:51]} Rxc2 {[%emt 0:03:22]} 25. Qxc2 {[%emt 0:00:04]} Rc8 {[%emt 0:00:04]} 26. Qb3 {[%emt 0:01:23]} Rc4 {[%emt 0:00:45]} 27. Bb4 {[%emt 0:03:19]} Qc7 {[%emt 0:07:38]} 28. Qa3 {[%emt 0:01:21]} Bf8 {[%emt 0:00:16]} 29. f4 {[%emt 0:02:47]} exf4 {[%emt 0:01:28]} 30. Rxf4 {[%emt 0:05:41]} Rc2 {[%emt 0:02:25]} 31. Rf6 {[%emt 0:02:06]} Qc8 {[%emt 0:04:17]} 32. g4 {[%emt 0:05:01]} Bg7 {[%emt 0:03:00]} 33. Rf1 {[%emt 0:05:24]} Bxb2 {[%emt 0:05:50]} 34. Qe3 {[%emt 0:01:47]} Qc4 {[%emt 0:04:42]} 35. Bd2 {[%emt 0:00:36]} Be5+ {[%emt 0:00:25]} 36. Kh1 {[%emt 0:00:06]} Be8 {[%emt 0:02:19]} 37. Rc1 {[%emt 0:00:53]} Rxc1+ {[%emt 0:00:42]} 38. Bxc1 {[%emt 0:00:04]} Qxa2 {[%emt 0:00:59]} 39. Bd2 {[%emt 0:01:00]} Qa1+ {[%emt 0:00:23]} 40. Be1 {[%emt 0:00:00]} b4 {[%emt 0:00:00]} 41. Bf1 {[%emt 0:03:30]} Bc3 {[%emt 0:01:05]} 42. Bxc3 {[%emt 0:00:02]} Qxf1+ {[%emt 0:00:12]} 43. Kh2 {[%emt 0:00:02]} bxc3 {[%emt 0:00:16]} 44. Qxc3 {[%emt 0:00:03]} Qf4+ {[%emt 0:00:09]} 45. Kg1 {[%emt 0:00:12]} Qxe4 {[%emt 0:00:07]} 0-1

[Event "69th RUS-ch Women Higher League 2019"]
[Site "Yaroslavl"]
[Date "2019.07.04"]
[Round "7.23"]
[White "Loskutova, Viktoriya"]
[Black "Filippova, Darya"]
[Result "0-1"]
[WhiteElo "2019"]
[BlackElo "2174"]
[Annotator "NA"]
[PlyCount "140"]
[EventDate "2019.06.27"]
[EventType "swiss"]
[EventCountry "RUS"]
[SourceTitle "playchess.com"]
[Source "ChessBase"]
[SourceQuality "1"]
[TimeControl "40/5400+30:1800+30"]

1. e4 {[%emt 0:00:00]} c6 {[%emt 0:00:00]} 2. d4 {[%emt 0:00:00]} d5 {[%emt 0:00:00]} 3. exd5 {[%emt 0:00:00]} cxd5 {[%emt 0:00:00]} 4. Bd3 {[%emt 0:00:00]} Nc6 {[%emt 0:00:02]} 5. c3 {[%emt 0:00:00]} Qc7 {[%emt 0:00:24]} 6. h3 {[%emt 0:00:08]} Nf6 {[%emt 0:00:28]} 7. Na3 {[%emt 0:00:25]} a6 {[%emt 0:00:20]} 8. Nc2 {[%emt 0:00:10]} e6 {[%emt 0:00:35]} 9. Ne2 {[%emt 0:06:24]} Bd6 {[%emt 0:00:35]} 10. O-O {[%emt 0:05:14]} b5 {[%emt 0:00:57]} 11. Be3 {[%emt 0:19:46]} O-O {[%emt 0:03:33]} 12. Re1 {[%emt 0:14:10]} Na5 {[%emt 0:04:41]} 13. Bg5 {[%emt 0:04:38]} Ne4 {[%emt 0:01:02]} 14. Bh4 {[%emt 0:04:04]} f5 {[%emt 0:02:15]} 15. f3 {[%emt 0:02:12]} Nf6 {[%emt 0:00:41]} 16. Nc1 {[%emt 0:09:39]} Nh5 {[%emt 0:04:21]} 17. Bf1 {[%emt 0:05:19]} Qb6 {[%emt 0:02:03]} 18. Nd3 {[%emt 0:00:37]} h6 {[%emt 0:04:13]} 19. Bf2 {[%emt 0:06:44]} Ra7 {[%emt 0:01:08]} 20. Ne5 {[%emt 0:04:35]} g5 {[%emt 0:02:38]} 21. b4 {[%emt 0:03:41]} Nc4 {[%emt 0:02:18]} 22. a4 {[%emt 0:05:22]} Nb2 {[%emt 0:03:46]} 23. a5 {[%emt 0:00:50]} Qc7 {[%emt 0:01:10]} 24. Qd2 {[%emt 0:01:30]} Nc4 {[%emt 0:02:15]} 25. Bxc4 {[%emt 0:02:02]} bxc4 {[%emt 0:00:26]} 26. g3 {[%emt 0:01:50]} Bd7 {[%emt 0:05:31]} 27. h4 {[%emt 0:02:17]} Be8 {[%emt 0:06:59]} 28. hxg5 {[%emt 0:00:17]} hxg5 {[%emt 0:00:34]} 29. Qxg5+ {[%emt 0:00:27]} Qg7 {[%emt 0:00:21]} 30. Qxg7+ {[%emt 0:01:23]} Rxg7 {[%emt 0:00:10]} 31. Kh2 {[%emt 0:00:33]} Rf6 {[%emt 0:00:46]} 32. Rh1 {[%emt 0:01:01]} Nxg3 {[%emt 0:08:46]} 33. Bxg3 {[%emt 0:00:07]} f4 {[%emt 0:00:33]} 34. Bh4 {[%emt 0:00:55]} Rh6 {[%emt 0:00:38]} 35. Ng4 {[%emt 0:00:05]} Rxh4+ {[%emt 0:01:04]} 36. Kg2 {[%emt 0:00:03]} Rxh1 {[%emt 0:01:55]} 37. Kxh1 {[%emt 0:00:23]} Kf8 {[%emt 0:03:23]} 38. Re1 {[%emt 0:00:52]} Ke7 {[%emt 0:01:20]} 39. Rg1 {[%emt 0:00:54]} Ba4 {[%emt 0:04:24]} 40. Rg2 {[%emt 0:00:00]} Bb8 {[%emt 0:00:00]} 41. Na3 {[%emt 0:06:56]} Bd1 {[%emt 0:06:40]} 42. Nh2 {[%emt 0:00:05]} Rg3 {[%emt 0:03:50]} 43. b5 {[%emt 0:05:33]} Rxg2 {[%emt 0:01:34]} 44. Kxg2 {[%emt 0:00:01]} Kd7 {[%emt 0:00:46]} 45. bxa6 {[%emt 0:03:34]} Ba4 {[%emt 0:01:54]} 46. Nf1 {[%emt 0:06:56]} Kc6 {[%emt 0:03:38]} 47. Nd2 {[%emt 0:01:52]} Bb5 {[%emt 0:00:18]} 48. Kf2 {[%emt 0:04:44]} Bxa6 {[%emt 0:00:30]} 49. Ke1 {[%emt 0:00:28]} e5 {[%emt 0:00:56]} 50. Nc2 {[%emt 0:01:01]} Kb5 {[%emt 0:01:30]} 51. dxe5 {[%emt 0:04:26]} Bxe5 {[%emt 0:00:38]} 52. Nb1 {[%emt 0:00:39]} Kxa5 {[%emt 0:00:45]} 53. Nd4 {[%emt 0:00:59]} Ka4 {[%emt 0:03:34]} 54. Kd2 {[%emt 0:00:17]} Bc8 {[%emt 0:00:44]} 55. Kc1 {[%emt 0:00:48]} Bh3 {[%emt 0:02:14]} 56. Nc6 {[%emt 0:00:25]} Bd6 {[%emt 0:01:31]} 57. Kb2 {[%emt 0:00:34]} Bg2 {[%emt 0:01:01]} 58. Nd2 {[%emt 0:00:13]} Bc5 {[%emt 0:00:45]} 59. Kc2 {[%emt 0:00:40]} Kb5 {[%emt 0:01:59]} 60. Ne5 {[%emt 0:00:11]} Be3 {[%emt 0:00:51]} 61. Kd1 {[%emt 0:00:29]} Kc5 {[%emt 0:00:48]} 62. Ke2 {[%emt 0:00:07]} Bh3 {[%emt 0:02:33]} 63. Ng4 {[%emt 0:01:03]} Bxg4 {[%emt 0:03:07]} 64. fxg4 {[%emt 0:00:02]} Bxd2 {[%emt 0:00:15]} 65. Kxd2 {[%emt 0:00:01]} d4 {[%emt 0:00:10]} 66. g5 {[%emt 0:00:14]} dxc3+ {[%emt 0:00:07]} 67. Kxc3 {[%emt 0:00:08]} f3 {[%emt 0:00:10]} 68. g6 {[%emt 0:00:08]} f2 {[%emt 0:00:07]} 69. g7 {[%emt 0:00:04]} f1=Q {[%emt 0:00:09]} 70. g8=Q {[%emt 0:00:10]} Qc1# {[%emt 0:00:07] Kd4+} 0-1

[Event "69th RUS-ch Women Higher League 2019"]
[Site "Yaroslavl"]
[Date "2019.07.04"]
[Round "7.24"]
[White "Shaydullina, Sandugach"]
[Black "Dzutseva, Lana"]
[Result "1-0"]
[WhiteElo "2128"]
[BlackElo "1325"]
[Annotator "NA"]
[PlyCount "45"]
[EventDate "2019.06.27"]
[EventType "swiss"]
[EventCountry "RUS"]
[SourceTitle "playchess.com"]
[Source "ChessBase"]
[SourceQuality "1"]
[TimeControl "40/5400+30:1800+30"]

1. d4 {[%emt 0:00:00]} d5 {[%emt 0:00:00]} 2. c4 {[%emt 0:00:00]} e6 {[%emt 0:00:00]} 3. Nc3 {[%emt 0:00:00]} Nf6 {[%emt 0:00:00]} 4. cxd5 {[%emt 0:00:13]} exd5 {[%emt 0:00:00]} 5. Bg5 {[%emt 0:00:08]} c6 {[%emt 0:03:52]} 6. e3 {[%emt 0:00:13]} Bf5 {[%emt 0:00:56]} 7. Qf3 {[%emt 0:00:46]} Bg6 {[%emt 0:00:28]} 8. Bxf6 {[%emt 0:00:09]} gxf6 {[%emt 0:00:13]} 9. h4 {[%emt 0:01:33]} h5 {[%emt 0:08:40]} 10. Qd1 {[%emt 0:01:48]} Nd7 {[%emt 0:05:56]} 11. Bd3 {[%emt 0:00:20]} Rg8 {[%emt 0:16:12]} 12. Nge2 {[%emt 0:01:01]} f5 {[%emt 0:12:29]} 13. Ng3 {[%emt 0:06:38]} Qf6 {[%emt 0:01:30]} 14. Qf3 {[%emt 0:04:39]} f4 {[%emt 0:00:39]} 15. Bxg6 {[%emt 0:00:35]} fxg3 {[%emt 0:00:27]} 16. Bf5 {[%emt 0:00:48]} gxf2+ {[%emt 0:01:38]} 17. Kxf2 {[%emt 0:00:05]} Qd6 {[%emt 0:07:24]} 18. Bxd7+ {[%emt 0:06:11]} Kxd7 {[%emt 0:01:59]} 19. Ne2 {[%emt 0:01:13]} Qh6 {[%emt 0:25:35]} 20. Qf5+ {[%emt 0:01:23]} Ke7 {[%emt 0:01:43]} 21. Nf4 {[%emt 0:00:33]} Rh8 {[%emt 0:01:14]} 22. Rac1 {[%emt 0:01:21]} Qf6 {[%emt 0:02:03]} 23. Nxd5+ {[%emt 0:00:33]} 1-0

[Event "69th RUS-ch Women Higher League 2019"]
[Site "Yaroslavl"]
[Date "2019.07.05"]
[Round "8.1"]
[White "Tomilova, Elena"]
[Black "Garifullina, Leya"]
[Result "1/2-1/2"]
[WhiteElo "2289"]
[BlackElo "2246"]
[Annotator "NA"]
[PlyCount "78"]
[EventDate "2019.06.27"]
[EventType "swiss"]
[EventCountry "RUS"]
[SourceTitle "playchess.com"]
[Source "ChessBase"]
[SourceQuality "1"]
[TimeControl "40/5400+30:1800+30"]

1. d4 {[%emt 0:00:00]} Nf6 {[%emt 0:00:00]} 2. Nf3 {[%emt 0:00:00]} e6 {[%emt 0:00:00]} 3. Bf4 {[%emt 0:00:00]} d5 {[%emt 0:00:00]} 4. e3 {[%emt 0:00:00]} Bd6 {[%emt 0:00:00]} 5. Bg3 {[%emt 0:00:00]} O-O {[%emt 0:00:07]} 6. Nbd2 {[%emt 0:00:01]} b6 {[%emt 0:00:06]} 7. c3 {[%emt 0:00:11]} c5 {[%emt 0:00:08]} 8. Bd3 {[%emt 0:00:44]} Ba6 {[%emt 0:00:06]} 9. Bxa6 {[%emt 0:00:48]} Nxa6 {[%emt 0:00:08]} 10. Qe2 {[%emt 0:00:05]} Nc7 {[%emt 0:00:06]} 11. Rd1 {[%emt 0:06:37]} cxd4 {[%emt 0:01:54]} 12. exd4 {[%emt 0:00:22]} Nce8 {[%emt 0:00:45]} 13. Bh4 {[%emt 0:00:53]} Be7 {[%emt 0:00:25]} 14. Ne5 {[%emt 0:01:17]} Rc8 {[%emt 0:00:41]} 15. O-O {[%emt 0:00:54]} Nd6 {[%emt 0:00:21]} 16. Rfe1 {[%emt 0:05:22]} b5 {[%emt 0:03:34]} 17. Nb3 {[%emt 0:05:58]} Nc4 {[%emt 0:05:59]} 18. Nd3 {[%emt 0:11:31]} Re8 {[%emt 0:24:38]} 19. f3 {[%emt 0:09:57]} a5 {[%emt 0:02:37]} 20. Nbc5 {[%emt 0:02:40]} b4 {[%emt 0:02:36]} 21. b3 {[%emt 0:05:06]} Nd6 {[%emt 0:01:09]} 22. cxb4 {[%emt 0:00:57]} axb4 {[%emt 0:00:14]} 23. Bf2 {[%emt 0:05:25]} Qa5 {[%emt 0:06:03]} 24. Qd2 {[%emt 0:00:45]} Nb5 {[%emt 0:02:56]} 25. Rc1 {[%emt 0:01:14]} Rb8 {[%emt 0:02:16]} 26. Qxb4 {[%emt 0:06:49]} Qxa2 {[%emt 0:05:23]} 27. Ra1 {[%emt 0:05:46]} Qc2 {[%emt 0:00:29]} 28. Qa5 {[%emt 0:11:38]} Bxc5 {[%emt 0:01:37]} 29. Nxc5 {[%emt 0:00:08]} Nc3 {[%emt 0:08:29]} 30. Kf1 {[%emt 0:03:54]} Nb5 {[%emt 0:05:57]} 31. Bg3 {[%emt 0:04:32]} Nxd4 {[%emt 0:01:15]} 32. Bxb8 {[%emt 0:00:06]} Rxb8 {[%emt 0:00:20]} 33. Qc7 {[%emt 0:02:31]} Rf8 {[%emt 0:01:44]} 34. Rac1 {[%emt 0:00:36]} Qg6 {[%emt 0:04:06]} 35. Qg3 {[%emt 0:02:17]} Qh6 {[%emt 0:04:08]} 36. Qe5 {[%emt 0:00:52]} Qh4 {[%emt 0:04:42]} 37. Qg3 {[%emt 0:00:40]} Qh6 {[%emt 0:00:41]} 38. Qe5 {[%emt 0:00:08]} Qh4 {[%emt 0:00:06]} 39. Qg3 {[%emt 0:00:31]} Qh6 1/2-1/2